| 000 | 00457nam a2200169Ia 4500 | ||
|---|---|---|---|
| 008 | 231217s9999 xx 000 0 und d | ||
| 020 | _a8178812061 | ||
| 041 | _aEnglish | ||
| 082 | _a658.11 SEE.2;1 R | ||
| 100 | _aSeethapathi, K. Murthy, G R K. | ||
| 245 | 0 | _aMergers and acquisitions V.2 | |
| 260 |
_c2002 _bIcfai _aHyderabad |
||
| 300 | _aiv, 191+A10 | ||
| 400 | _aInvestment banking series | ||
| 650 | _aMergers,acquisitions,V.2 | ||
| 942 | _cAA | ||
| 999 |
_c187231 _d187231 |
||